Arvaa NHL-joukkue kuvavihjeen avulla - Statistics

Yleistilastot
  • Tätä visaa on pelattu 147 kertaa
  • Keskiarvotulos 13 / 24
Vastaustilastot
Kuvavisa Vastaus % Oikein
Pittsburgh Penguins
93%
Columbus Blue Jackets
78%
Utah Mammoth
78%
Anaheim Ducks
77%
Tampa Bay Lightning
73%
Washington Capitals
72%
Florida Panthers
70%
Carolina Hurricanes
69%
Vegas Golden Knights
69%
Winnipeg Jets
68%
Calgary Flames
65%
New York Islanders
64%
Toronto Maple Leafs
62%
Montreal Canadiens
51%
Dallas Stars
48%
Los Angeles Kings
48%
Colorado Avalanche
47%
New Jersey Devils
36%
Detroit Red Wings
29%
Buffalo Sabres
24%
Chicago Blackhawks
13%
New York Rangers
13%
St. Louis Blues
13%
Philadelphia Flyers
10%
Ehtoja vastaavia visoja ei löytynyt
Tulosjakauma
Jokaisen tuloksen saaneiden osuus
Persentiili vastausten määrän mukaan
Tuloshistoriasi
Et ole pelannut tätä visaa